[Event "18th Delhi GM Open 2020"]
[Site "Delhi"]
[Date "2020.01.13"]
[Round "7.9"]
[White "Krishna C R G"]
[Black "Gupta, Abhijeet"]
[Result "0-1"]
[WhiteElo "2436"]
[BlackElo "2603"]
[Annotator "TA"]
[PlyCount "52"]
[EventDate "2020.01.09"]
[EventType "swiss"]
[EventCountry "IND"]
[SourceTitle "playchess.com"]
[Source "ChessBase"]
[SourceQuality "1"]

{[%evp 17,52,14,29,0,15,0,0,0,-12,-29,0,6,26,23,35,25,16,7,6,-35,0,0,-26,-52,-67,-81,-87,-165,-166,-172,-172,-261,-264,-377,-366,-1369,-1332]} 1. d4 Nf6 2. c4 g6 3. g3 c6 4. Bg2 d5 5. Qa4 dxc4 6. Qxc4 Bg7 7. Nf3 O-O 8. O-O Bf5 9. Nc3 Nbd7 10. h3 {D78: Fianchetto Grünfeld: 6 0-0 c6} Rc8 11. Qa4 $146 ({Predecessor:} 11. Qb3 Nb6 12. Rd1 Nfd5 13. Ng5 Nxc3 14. bxc3 h6 15. Ne4 Be6 16. Qc2 Bf5 17. g4 Bxe4 18. Bxe4 {1-0 (68) Rodshtein,M (2684)-Tari,A (2630) Batumi 2019}) 11... b5 12. Qxa7 {The position is equal.} b4 {White must now prevent ...Ra8.} 13. Nd1 Be4 {And now ...Ra8 would win.} 14. Qa4 Qb6 15. Bd2 Rb8 16. Rc1 Rfc8 17. Ne3 c5 $1 18. Ne5 Nxe5 19. dxe5 Bxg2 20. exf6 Bc6 $1 {[%cal Rc6a4]} 21. Qc2 Bxf6 22. Qxc5 {[#]} (22. Ng4 $17) 22... Qb7 $1 $19 {[%cal Rb7d7] Strongly threatening ...Qd7.} 23. Qa5 Qd7 ({Much less strong is} 23... Bxb2 24. Rc2 $17) 24. Qa6 (24. Bxb4 $142 Qxh3 {[#]} 25. Rxc6 $1 {[%mdl 512]} Rxc6 26. Nd5) 24... Bxb2 25. Rc5 (25. Rc4 {was called for.}) 25... Bd4 ({Less strong is} 25... Qxd2 26. Rd1 $15) 26. Rc2 $2 (26. Rc4) 26... Bb7 {Accuracy: White = 31%, Black = 70%.} 0-1

[Event "18th Delhi GM Open 2020"]
[Site "Delhi"]
[Date "2020.01.13"]
[Round "7.10"]
[White "Das, Sayantan"]
[Black "Yakubboev, Nodirbek"]
[Result "0-1"]
[WhiteElo "2424"]
[BlackElo "2597"]
[Annotator "TA"]
[PlyCount "63"]
[EventDate "2020.01.09"]
[EventType "swiss"]
[EventCountry "IND"]
[SourceTitle "playchess.com"]
[Source "ChessBase"]
[SourceQuality "1"]

{[%evp 13,63,4,15,12,33,38,38,29,38,38,38,33,97,88,86,85,86,81,92,66,81,81,127,122,125,130,145,149,176,168,163,167,145,104,103,162,177,112,114,99,98,78,81,38,78,56,79,-36,16,-578,-518,-773]} 1. e4 c5 2. Nf3 d6 3. d4 Nf6 4. Nc3 cxd4 5. Nxd4 a6 6. Be2 e5 7. Nf3 h6 8. Nd2 {B92: Sicilian Najdorf: 6 Be2} Be6 9. Nc4 b5 (9... Nc6 10. Ne3 Ne7 11. O-O Rc8 12. Bf3 g6 13. Qd3 Bg7 14. Rd1 Rc6 15. b3 Qc8 {1-0 (48) Vachier Lagrave,M (2789)-Korobov,A (2652) Riadh 2017}) 10. Ne3 {White is slightly better.} Be7 11. a4 b4 12. Ncd5 O-O $146 ({Black should play} 12... Nc6 $14) ({Predecessor:} 12... Nbd7 13. Nxb4 Nxe4 14. Ned5 Bg5 15. O-O Bxc1 16. Rxc1 {½-½ (35) Drygalov,A (2485)-Slizhevsky,A (2428) Cheliabinsk 2019}) 13. Nxb4 $16 Nxe4 {[#]} 14. Bf3 $1 {[%cal Rf3e4]} f5 15. O-O {Strongly threatening Nxf5!} ({Much weaker is} 15. Nxf5 $6 Nxf2 16. Nxe7+ Qxe7 $15) 15... Kh8 16. a5 $36 {[%mdl 2048] White fights for an advantage.} Nd7 17. Ned5 {And now Nc6 would win.} Rc8 18. Nxa6 Bxd5 19. Qxd5 Rxc2 20. Nb4 Rc5 21. Qe6 Ng5 22. Bxg5 $1 Bxg5 23. a6 ({Of course not} 23. Qxd6 $6 Rf6 $11) 23... e4 24. Be2 Nb6 {[#]} 25. Rfd1 (25. a7 $1 $18) 25... Rf6 26. Qb3 {a7 is the strong threat.} d5 27. a7 {aiming for Nxd5!} d4 28. Bh5 {Black must now prevent Rxd4!} d3 29. Ra6 (29. Nxd3 $5 exd3 30. Rxd3 $16 (30. Qxd3 Qf8 $16)) 29... Rc8 30. Bf7 (30. g3 $16 {[%cal Rb4d3] Threatens to win with Nxd3!} Rd6 31. Nxd3 exd3 32. Bf3) 30... Qd7 (30... d2 $15) 31. Nd5 $2 {[%mdl 8192]} (31. Bd5 $11 {and White is okay.}) 31... Qxf7 $19 32. Rda1 {Accuracy: White = 53%, Black = 57%.} 0-1

[Event "18th Delhi GM Open 2020"]
[Site "Delhi"]
[Date "2020.01.13"]
[Round "7.11"]
[White "Dzhumaev, Marat"]
[Black "David, Alberto"]
[Result "1/2-1/2"]
[WhiteElo "2422"]
[BlackElo "2562"]
[Annotator "TA"]
[PlyCount "88"]
[EventDate "2020.01.09"]
[EventType "swiss"]
[EventCountry "IND"]
[SourceTitle "playchess.com"]
[Source "ChessBase"]
[SourceQuality "1"]

{[%evp 26,88,0,0,0,0,0,9,8,0,0,0,0,-27,-25,-47,-44,-49,-20,-39,-36,-33,-22,-19,-8,0,0,-16,0,-17,0,0,0,0,0,0,0,-7,0,0,0,0,0,0,0,0,0,-8,-8,-8,-8,-8,0,-289,0,0,0,0,0,0,0,0,0,0,0]} 1. d4 Nf6 2. c4 e6 3. g3 c5 4. d5 exd5 5. cxd5 d6 6. Nc3 g6 7. Nf3 Bg7 8. Nd2 O-O 9. Bg2 Nbd7 10. O-O Re8 11. a4 a6 12. Nc4 Ne5 13. Nxe5 Rxe5 14. Bf4 Re8 {A64: Modern Benoni: Fianchetto Variation: 9...Nbd7 10 Nd2 a6 11 a4 Re8} 15. a5 (15. Qc2 Ng4 16. a5 b5 17. axb6 Qxb6 18. Na4 Qd8 19. h3 Ne5 20. b3 Bf5 21. Qd2 Rb8 22. Ra3 Rb4 23. Nb2 {0-1 (70) Arkell,K (2447)-Oparin,G (2654) Douglas 2019}) 15... b5 16. axb6 $1 Qxb6 17. Qc2 $146 ({Predecessor:} 17. Na4 Qd8 18. Re1 Ng4 19. Qd2 Rb8 20. Ra2 Rb4 21. Qc1 Bd4 22. e3 {0-1 (35) Botsari,A (2284)-Cornette,D (2470) Rio Achaea 2018}) 17... Bf5 18. e4 Bd7 19. Rfd1 Ng4 20. h3 Ne5 21. Ra2 Bb5 22. Nxb5 axb5 23. Rda1 Rxa2 24. Rxa2 Qb7 25. b3 Ra8 26. Be3 c4 27. f4 Rxa2 28. Qxa2 cxb3 29. Qxb3 Nc4 30. Bf2 Qa6 31. Qd3 Bf6 32. Bf1 Bd8 33. Qb1 {Threatens to win with Bxc4.} Bb6 34. Bxc4 $1 Bxf2+ 35. Kxf2 Qa7+ 36. Ke2 bxc4 $11 {[%mdl 4096] Endgame KQ-KQ} 37. e5 dxe5 38. fxe5 Qd4 {[%mdl 64] [#] Double Attack} 39. Qb8+ Kg7 {...c3 is the strong threat.} 40. Qd6 {The position is equal.} Qd3+ (40... c3 $5 41. Qf6+ $8 Kg8 42. Qd8+ Kg7 43. Qf6+ Kg8 44. Qd8+ Kg7 45. Qf6+ $11) 41. Kf2 Qf5+ 42. Ke3 Qd3+ 43. Kf2 Qf5+ 44. Ke3 Qd3+ {Accuracy: White = 62%, Black = 64%.} 1/2-1/2

[Event "18th Delhi GM Open 2020"]
[Site "Delhi"]
[Date "2020.01.13"]
[Round "7.12"]
[White "Gholami, Aryan"]
[Black "Audi Ameya"]
[Result "1/2-1/2"]
[WhiteElo "2541"]
[BlackElo "2359"]
[Annotator "TA"]
[PlyCount "120"]
[EventDate "2020.01.09"]
[EventType "swiss"]
[EventCountry "IND"]
[SourceTitle "playchess.com"]
[Source "ChessBase"]
[SourceQuality "1"]

{[%evp 10,120,10,31,17,18,12,19,10,31,27,23,32,0,0,-10,-19,-23,2,0,-2,-9,0,-8,0,13,4,2,9,0,0,0,0,-13,-6,-7,-7,-5,0,0,0,0,0,0,0,-12,-12,-12,-12,-20,-12,-11,-10,-37,-37,-66,-66,-50,-39,-45,0,-56,0,-17,-17,-17,0,0,0,0,0,-8,0,-17,-17,-71,0,0,0,0,0,0,0,0,0,0,0,0,20,0,0,0,0,0,0,0,0,0,0,0,0,0,0,0,0,0,0,0,0,0,0,0,0]} 1. Nf3 Nf6 2. b3 g6 3. Bb2 Bg7 4. g3 d6 5. d4 c5 6. Bg2 cxd4 {A49: 1 d4 Nf6 2 Nf3 g6 3 g3: Anti-King's Indian systems} 7. Nxd4 d5 8. O-O e5 9. Nb5 a6 10. N5c3 {[%cal Rc3d5]} Be6 $146 ({Predecessor:} 10... d4 11. Na4 O-O 12. c3 Nh5 13. cxd4 exd4 {½-½ (81) Landa,K (2607)-Harikrishna,P (2733) Germany 2018}) 11. Na4 Nbd7 12. c4 dxc4 13. bxc4 O-O 14. Bxb7 Rb8 15. Bg2 Bxc4 16. Nd2 {[%cal Bb1d2,Bd2c4,Bc4e5][%mdl 32]} Bd5 17. Bxd5 Nxd5 18. Nc4 N7b6 19. Naxb6 Nxb6 20. Nxe5 Re8 21. f4 Na4 22. Qxa4 Rxb2 23. Rad1 Qa8 (23... Qc8 {seems wilder.} 24. Rc1 Qe6 25. Rc6 Qxa2 26. Rxa6 Qxa4 27. Rxa4 Rxe2 28. Nf3 Bf6) 24. Qd7 Rb7 25. Qd5 Bxe5 26. fxe5 Qa7+ 27. Qd4 (27. Rf2 {is more complex.} Qb8 28. Qc4 Rxe5 29. Qxa6 Ra7 30. Qf6) 27... Qxd4+ 28. Rxd4 Rxe5 $11 {[%mdl 4096] Endgame KRR-KRR} 29. Rf2 Rb2 30. Ra4 a5 31. g4 h5 32. h3 h4 33. Kf1 Rb1+ 34. Kg2 Rb2 35. Kf3 (35. Kf1 $11) 35... g5 (35... Kg7 $15) 36. e3 Rb1 37. Re4 Rbb5 38. Rxe5 Rxe5 {KR-KR} 39. Rb2 Kg7 40. Rb6 f6 41. e4 Rc5 {Black wants to play ...Rc3+.} 42. Rb3 {[#]} Rc2 ({Black should play} 42... a4 $1 $17 {[%cal Ra4b3]} 43. Ra3 Rc4) 43. e5 {The position is equal.} Rxa2 44. Rb7+ Kf8 45. exf6 {Ke4 is the strong threat.} Ra4 $1 46. Ke3 Rf4 47. Rb5 Rxf6 48. Rxa5 Rf1 49. Ke4 {[#] aiming for Rf5+.} Rf4+ 50. Ke3 Rb4 51. Rf5+ Ke7 52. Rxg5 Rb3+ 53. Kf4 {Black must now prevent Re5+.} Kf6 {( -> ...Rb4+)} 54. Rh5 Rxh3 55. g5+ Kg7 56. Kg4 Rg3+ 57. Kxh4 Rg1 58. Rh6 Rh1+ 59. Kg4 Rxh6 60. gxh6+ Kxh6 {Accuracy: White = 55%, Black = 64%.} 1/2-1/2

[Event "18th Delhi GM Open 2020"]
[Site "Delhi"]
[Date "2020.01.13"]
[Round "7.13"]
[White "Abdisalimov, Abdimalik"]
[Black "Debashis, Das"]
[Result "1/2-1/2"]
[WhiteElo "2381"]
[BlackElo "2523"]
[Annotator "TA"]
[PlyCount "57"]
[EventDate "2020.01.09"]
[EventType "swiss"]
[EventCountry "IND"]
[SourceTitle "playchess.com"]
[Source "ChessBase"]
[SourceQuality "1"]

{[%evp 9,57,38,31,26,52,25,29,18,41,41,30,22,24,22,23,17,31,20,26,14,26,22,23,16,18,7,25,-17,28,17,12,0,0,0,13,13,17,11,22,0,0,0,0,0,0,0,0,0,0,0]} 1. c4 e6 2. Nc3 d5 3. d4 Bb4 4. e3 Ne7 5. Bd2 O-O 6. Nf3 {D31: Queen's Gambit Declined: Semi-Slav without ...Nf6 (+ Marshall Gambit and Noteboom) and Exchange Variation lines without ...Nf6} b6 7. cxd5 exd5 8. Rc1 $146 {White has an edge.} ({Predecessor:} 8. a3 Bxc3 9. Bxc3 Ba6 10. Bxa6 Nxa6 11. Qd3 Qc8 12. O-O c6 {1-0 (47) Dautov,R (2595)-Gofshtein,L (2455) Berlin 1991}) 8... Ba6 9. Bxa6 Nxa6 10. Qa4 Qc8 11. O-O Qb7 12. Nb5 Bxd2 13. Nxd2 Rfd8 14. b4 c6 15. Nc3 Nc7 16. Rc2 Ne6 17. Rfc1 Nf5 18. Ncb1 Ne7 19. Nf3 a5 {The position is equal.} 20. Ne5 {[%cal Re5c6]} axb4 21. Qxb4 {[%cal Re5c6]} Rdc8 22. Nc3 Qa7 23. h3 c5 24. Qb3 (24. Qb1 {with more complications.} Qc7 25. Nf3 Qd8 26. Rd2 f6 27. a4) 24... cxd4 25. Nxd5 Rxc2 26. Nxe7+ Qxe7 27. Rxc2 dxe3 28. Qxe3 Qb4 29. Rc6 {Accuracy: White = 49%, Black = 63%.} 1/2-1/2

[Event "18th Delhi GM Open 2020"]
[Site "Delhi"]
[Date "2020.01.13"]
[Round "7.14"]
[White "Yudin, Sergei"]
[Black "Rohith Krishna S"]
[Result "*"]
[WhiteElo "2508"]
[BlackElo "2289"]
[Annotator "TA"]
[PlyCount "35"]
[EventDate "2020.01.09"]
[EventType "swiss"]
[EventCountry "IND"]
[SourceTitle "playchess.com"]
[Source "ChessBase"]
[SourceQuality "1"]

{[%evp 19,35,32,35,26,51,38,29,31,21,26,23,14,107,101,87,-536,830,-224]} 1. c4 e6 2. Nc3 d5 3. e3 Nf6 4. Nf3 Be7 5. b3 O-O 6. Bb2 c5 7. cxd5 exd5 8. d4 Nc6 9. Be2 Be6 10. O-O Ne4 11. dxc5 {D32: Tarrasch Defence: Sidelines and lines without g3} Nxc5 12. Rc1 Rc8 13. Bb5 $146 {White has an edge.} ({Predecessor:} 13. Nb5 Ne4 14. Nfd4 Qa5 15. Nxe6 fxe6 16. a3 Bf6 17. Bxf6 Rxf6 18. b4 Qd8 19. Bd3 a6 20. Bxe4 axb5 21. Bd3 Qb6 {1-0 (42) Cvek,R (2517)-Oganian,M (2370) Pardubice 2015}) 13... Qb6 14. Qe2 Rfd8 15. Rfd1 Bf6 {[#]} (15... Qa5 $11 {keeps the balance.}) 16. Na4 $1 $16 {[%cal Ra4b6]} Nxa4 17. Bd4 $2 {[%mdl 8192]} ({Not} 17. bxa4 $2 Bxb2 18. Qxb2 a6 $19) (17. Bxf6 $16 {stays on course.} gxf6 18. Bxa4 (18. bxa4 Bg4 $14)) 17... Be5 $4 {[%mdl 8192]} (17... Nxd4 $19 18. Nxd4 Nc3 19. Rxc3 Rxc3 20. Nxe6 fxe6) 18. Bxe5 $4 {[%mdl 8192]} ({Avoid the trap} 18. Nxe5 $2 Nxd4 19. exd4 Nc3 $19) (18. Bxb6 $18 {is the narrow road to win.} Nxb6 19. Bxc6 Bxh2+ 20. Kxh2 bxc6 21. Qa6) *

[Event "18th Delhi GM Open 2020"]
[Site "Delhi"]
[Date "2020.01.13"]
[Round "7.14"]
[White "Yudin, Sergei"]
[Black "Rohith Krishna S"]
[Result "1/2-1/2"]
[WhiteElo "2508"]
[BlackElo "2289"]
[Annotator "TA"]
[PlyCount "104"]
[EventDate "2020.01.09"]
[EventType "swiss"]
[EventCountry "IND"]
[SourceTitle "playchess.com"]
[Source "ChessBase"]
[SourceQuality "1"]

{[%evp 19,104,39,36,40,39,34,46,15,20,25,25,28,93,94,104,106,101,108,106,109,101,99,152,130,196,189,192,93,211,202,214,155,164,139,140,133,144,137,138,123,122,123,204,202,192,158,154,146,181,146,170,122,137,19,19,60,156,154,148,169,143,0,0,0,0,0,0,0,0,0,0,0,0,0,0,0,0,0,0,0,0,0,0,0,0,0,0]} 1. c4 e6 2. Nc3 d5 3. e3 Nf6 4. Nf3 Be7 5. b3 O-O 6. Bb2 c5 7. cxd5 exd5 8. d4 Nc6 9. Be2 Be6 10. O-O Ne4 11. dxc5 {D32: Tarrasch Defence: Sidelines and lines without g3} Nxc5 12. Rc1 Rc8 13. Bb5 $146 {White is slightly better.} ({Predecessor:} 13. Nb5 Ne4 14. Nfd4 Qa5 15. Nxe6 fxe6 16. a3 Bf6 17. Bxf6 Rxf6 18. b4 Qd8 19. Bd3 a6 20. Bxe4 axb5 21. Bd3 Qb6 {1-0 (42) Cvek,R (2517)-Oganian,M (2370) Pardubice 2015}) 13... Qb6 14. Qe2 Rfd8 15. Rfd1 Bf6 {[#]} (15... Qa5 $11) 16. Na4 $1 $16 {[%cal Ra4b6][%mdl 64] Discovered Attack} Nxa4 17. Bxf6 (17. bxa4 $2 Bxb2 18. Qxb2 a6 $19) 17... gxf6 18. Bxa4 Ne5 19. Nd4 a6 20. h3 Qd6 (20... Kh8 $142) 21. f4 b5 (21... Nc6 $16) 22. fxe5 $18 fxe5 23. Bxb5 (23. Nxe6 $18 {is more deadly.} fxe6 24. Rxc8 Rxc8 25. Bxb5 axb5 26. Qxb5) 23... axb5 (23... Rxc1 $16 24. Rxc1 exd4) 24. Nxe6 (24. Nxb5 $6 Qe7 $16) 24... Qxe6 25. Qxb5 Qh6 26. Qe2 Rxc1 27. Rxc1 $16 {[%mdl 4096] Endgame KQR-KQR} d4 28. Rd1 Qb6 29. Qg4+ Kf8 30. Qg5 f6 (30... Re8 $16 {might work better.}) 31. Rf1 $18 Kf7 32. Qh5+ Kg7 33. Rf3 Qe6 ({Not} 33... dxe3 $2 34. Rg3+ Kf8 35. Qxh7 $18) 34. exd4 exd4 35. Qh4 Qe5 36. Kf1 (36. Rg3+ $16 Kh8 37. Qh6 Qe1+ 38. Kh2) 36... d3 $11 {( -> ...d2)} 37. Qg3+ Kh6 (37... Kh8 $1 $14 38. Qxe5 fxe5) 38. Rf4 $16 {Threatening mate with Rh4+.} Qg5 39. Qe3 {White wants to mate with Rxf6+.} Kg6 {[#] aiming for ...d2.} 40. Qe4+ ({But not} 40. Rg4 $6 Qxg4 41. hxg4 d2 $11) (40. Ke1 $1 $16 h5 41. Qe4+ Kg7 42. Qe7+ Kg6 43. Qe4+ (43. Qxd8 Qe5+ 44. Kd2 Qxf4+ 45. Kxd3 Qf5+ 46. Kc4 Qc2+ 47. Kb5 Qe2+ 48. Kc5 Qc2+ 49. Kb4 Qxa2 $16) 43... Kg7 44. Qe7+ Kg6 45. Qxd8 Qe5+ 46. Kd2 Qxf4+ 47. Kxd3) 40... f5 $1 $11 {[%cal Rf5e4] The position is equal.} 41. Qe6+ Qf6 42. Qxf6+ Kxf6 {KR-KR} 43. Ke1 {Black must now prevent Kd2.} Ke5 44. Rc4 f4 45. Kd2 Rg8 46. Kxd3 {Threatens to win with Rc5+.} Rg3+ 47. Ke2 {And now Kf2 would win.} Rxg2+ 48. Kf3 Rg3+ {[%mdl 64] Double Attack} 49. Kf2 Rxh3 50. Ra4 Rh2+ 51. Kf3 Rh3+ 52. Kf2 Rh2+ {Accuracy: White = 56%, Black = 58%.} 1/2-1/2

[Event "18th Delhi GM Open 2020"]
[Site "Delhi"]
[Date "2020.01.13"]
[Round "7.15"]
[White "Harsha Bharathakoti"]
[Black "Saurabh Anand"]
[Result "1/2-1/2"]
[WhiteElo "2502"]
[BlackElo "2269"]
[Annotator "TA"]
[PlyCount "77"]
[EventDate "2020.01.09"]
[EventType "swiss"]
[EventCountry "IND"]
[SourceTitle "playchess.com"]
[Source "ChessBase"]
[SourceQuality "1"]

{[%evp 9,77,19,25,0,14,-5,26,23,16,20,23,15,16,0,13,0,59,54,58,51,58,58,61,42,52,22,38,27,60,25,26,17,34,20,75,60,64,63,64,27,36,25,28,11,41,22,21,29,20,0,19,0,23,0,0,0,0,0,0,0,0,0,0,0,0,0,0,0,2,0]} 1. d4 d5 2. Nf3 Nf6 3. c4 e6 4. Nc3 Be7 5. Qc2 O-O 6. cxd5 {D37: Queen's Gambit Declined: 5 Bf4} Nxd5 7. Bd2 Nxc3 $146 ({Predecessor:} 7... Nd7 8. g3 Nb4 9. Qb1 c5 10. dxc5 Nxc5 11. Bg2 Bd7 12. O-O Bc6 13. Rd1 Qc8 {1-0 (35) Dreev,A (2664)-Schandorff,L (2521) Helsingor 2016}) 8. Bxc3 {White has an edge.} b6 9. e3 Ba6 10. Bxa6 (10. Be2 {is more complex.} Bxe2 11. Qxe2 a5 12. O-O c6 13. e4) 10... Nxa6 11. Qa4 Qc8 12. O-O Bf6 (12... c5 $11) 13. b4 c6 14. Rfc1 Qb7 15. Rab1 Rac8 16. Bd2 Rfd8 17. Rc2 Nb8 {[%cal Ba6b8,Bb8d7,Bd7e5,Be5c4][%mdl 32]} 18. Rbc1 Nd7 19. h3 {[%cal Rc2c6]} b5 20. Qb3 e5 21. Bc3 {[%cal Rd4e5]} exd4 (21... e4 $11 22. Nd2 Re8) 22. Bxd4 $16 Bxd4 23. Nxd4 Ne5 24. a4 {Threatens to win with Rc5.} (24. Rc5 $5 {[%cal Rc5e5]} Nc4 25. a4 $14) 24... Nc4 25. Ra2 a6 26. Qd1 Nb6 27. Qg4 g6 28. Rac2 {[%cal Rd4c6]} Nc4 29. Ra2 Nb6 30. Rac2 {[%cal Rd4c6]} Nc4 31. Ra1 Qe7 {Black wants to play ...Nxe3!The position is equal.} 32. axb5 axb5 {And now ...Nxe3! would win.} 33. Qf3 Ne5 34. Qg3 Nc4 35. Qf3 Ne5 36. Qg3 Nc4 37. Qf3 Ne5 38. Qg3 Nc4 39. Qf3 {Accuracy: White = 44%, Black = 66%.} 1/2-1/2

[Event "18th Delhi GM Open 2020"]
[Site "Delhi"]
[Date "2020.01.13"]
[Round "7.16"]
[White "Neelash Saha"]
[Black "Rios, Cristhian Camilo"]
[Result "1-0"]
[WhiteElo "2356"]
[BlackElo "2498"]
[Annotator "TA"]
[PlyCount "61"]
[EventDate "2020.01.09"]
[EventType "swiss"]
[EventCountry "IND"]
[SourceTitle "playchess.com"]
[Source "ChessBase"]
[SourceQuality "1"]

{[%evp 15,60,0,0,-8,0,0,0,-10,0,0,0,0,0,-8,240,231,263,260,274,289,285,269,283,270,419,411,413,403,385,214,196,0,372,347,347,343,197,189,785,549,1058,1097,1056,1051,29998,29999,29999]} 1. d4 d5 2. Bf4 Nf6 3. e3 e6 4. Nd2 c5 5. c3 Nc6 6. Ngf3 Bd6 7. Bg3 O-O 8. Bd3 b6 9. Qe2 {D02: 1 d4 d5 2 Nf3 sidelines, including 2...Nf6 3 g3 and 2...Nf6 3 Bf4} Bb7 10. Rd1 Rc8 11. a3 {The position is equal.} Re8 12. e4 {Threatens to win with e5.} Be7 13. e5 Nh5 $146 ({Predecessor:} 13... Nd7 14. h4 Nf8 15. h5 f6 16. Bb5 Nd7 {1-0 (55) Cornette,M (2586)-Collins,S (2455) chess.com INT 2017}) 14. h4 f5 $2 (14... g6 $11) 15. exf6 $1 $18 Bxf6 16. Bxh7+ Kxh7 {[#]} 17. Ng5+ $1 {[%mdl 512]} Bxg5 18. hxg5 g6 19. Rxh5+ $1 gxh5 (19... Kg8 {was worth a try.}) 20. Qxh5+ Kg7 {Hoping for ...Rh8.} 21. Qh6+ Kg8 22. Qg6+ (22. Ne4 $142 {Nf6+ would kill now.} dxe4 23. Qg6+ {[%mdl 64] Double Attack} Kf8 24. dxc5 Qxd1+ 25. Kxd1) 22... Kf8 {White must now prevent ...Re7.} 23. Qh6+ $2 (23. dxc5 bxc5 24. Qh6+ Kg8 25. Ne4 $1 {[%mdl 512]} dxe4 26. Rxd8 Rcxd8 27. Qg6+ Kf8 28. Qf6+ Kg8 29. Qg6+ Kf8 30. Qf6+ Kg8 31. Qg6+) 23... Kg8 {[#] Strongly threatening ...Qe7.} 24. Ne4 $1 {[%cal Re4f6][%mdl 512]} dxe4 25. Qg6+ {[%mdl 64] Double Attack} Kf8 {aiming for ...Re7.} 26. dxc5 $40 {[%mdl 128] White wants a kill.} e5 $2 ({Avoid the trap} 26... Qe7 $2 27. Bd6 $18) (26... bxc5 27. Rxd8 Rcxd8) 27. Rd6 {[%cal Bd1d6,Bd6g6,Bg6f6][%mdl 32]} Rc7 {[#] ...Rg7 is the strong threat.} 28. Qh6+ $1 ({Weaker is} 28. Rxd8 Rxd8 29. Qh6+ (29. Qxe4 bxc5 30. Qh4 Rcd7 $11) 29... Kg8 $16) 28... Rg7 29. Rg6 {[%csl Gg6][%cal Rh6g7]} Ree7 30. Qh8+ Kf7 31. Rf6# {Accuracy: White = 84%, Black = 49%.} 1-0

[Event "18th Delhi GM Open 2020"]
[Site "Delhi"]
[Date "2020.01.13"]
[Round "7.17"]
[White "Pranav Vijay"]
[Black "Vishnu Prasanna. V"]
[Result "0-1"]
[WhiteElo "2265"]
[BlackElo "2474"]
[Annotator "TA"]
[PlyCount "92"]
[EventDate "2020.01.09"]
[EventType "swiss"]
[EventCountry "IND"]
[SourceTitle "playchess.com"]
[Source "ChessBase"]
[SourceQuality "1"]

{[%evp 17,129,0,7,0,27,9,17,17,40,-30,-24,-29,-15,-52,-43,-73,-76,-61,-40,-70,-69,-41,-54,-58,-54,-127,-90,-128,-129,-107,-27,-20,2,-74,0,-79,-70,-104,-111,-133,-141,-160,-164,-162,-144,-154,-133,-141,-151,-164,-126,-119,-116,-177,-165,-212,-140,-129,-125,-119,-111,-148,-152,-261,-185,-166,-163,-227,-227,-228,-227,-292,-252,-252,-248,-400,-244,-244,-244,-234,-231,-252,-212,-229,-229,-229,-229,-214,-172,-206,-206,-520,-520,-492,-489,-550,-539,-524,-524,-524,-524,-1214,-1189,-1127,-1070,-4790,-5189,-2397,-2750,-29970,-29971,-29968,-29968,-29999]} 1. e4 c5 2. Nf3 d6 3. d4 cxd4 4. Nxd4 Nf6 5. Nc3 a6 6. Be2 e5 7. Nb3 Be7 8. O-O O-O 9. Kh1 Be6 10. f4 {B92: Sicilian Najdorf: 6 Be2} Bd7 (10... exf4 11. Bxf4 Nc6 12. Qe1 d5 13. exd5 Nxd5 14. Rd1 Bb4 15. Bf3 Nce7 16. Be5 Bxc3 17. Bxc3 Qc7 18. Be5 Qxc2 19. Be4 Qc8 20. Qg3 {0-1 (35) Jakovenko,D (2736)-Naiditsch,A (2689) Moscow 2009}) 11. f5 Bc6 12. Bf3 {The position is equal.} Nbd7 $146 ({Predecessor:} 12... b5 13. a3 a5 14. Bg5 Nbd7 15. Qe2 Rb8 16. Rfd1 Re8 17. a4 bxa4 18. Nxa4 {0-1 (29) Zhang,L (2262)-Song,Y (2007) Qinhuangdao 2017}) 13. Be3 (13. g4 $1 $14) 13... b5 $11 14. a3 Rc8 15. Qe1 a5 16. Rd1 Qc7 17. Bg1 Rb8 18. g4 b4 19. axb4 axb4 20. Na2 Nc5 21. Nxc5 ({Better is} 21. Bxc5 $1 $15 dxc5 22. g5) 21... dxc5 $17 22. Qe3 Qb7 $36 {[%cal Rf6e4][%mdl 2048] Black is on the roll.} 23. Rde1 Rbd8 (23... h6 $17 {And now ...Rfd8 would win.} 24. h4 Bb5) 24. g5 $11 Ne8 25. Nc1 (25. f6 $11 Bd6 26. Nc1) 25... f6 (25... c4 $17) 26. g6 (26. Nd3 $11) 26... c4 $1 $17 27. gxh7+ {[#]} Kh8 $1 28. Ne2 b3 29. Nc3 bxc2 {[%mdl 64] Discovered Attack} 30. Qc1 Rb8 31. Qxc2 Qxb2 32. Qxb2 Rxb2 33. Rb1 Rxb1 34. Rxb1 {[#]} Nd6 $1 ({Much weaker is} 34... Kxh7 $6 35. Rb6 $15) 35. Rb4 (35. Rb6 $17 Rc8 36. Kg2) 35... Rc8 $19 (35... Kxh7 36. Rb6 $17) 36. Kg2 Nb7 ({Don't take} 36... Kxh7 37. Rb6 $17) 37. Rb1 Nc5 38. Be3 Nd3 39. Rb6 Kxh7 40. Bh5 (40. Kf1 $17) 40... Nf4+ 41. Bxf4 exf4 42. Bg6+ (42. Bd1 $142) 42... Kg8 43. Kf3 Bc5 44. Ra6 Bb4 45. Ne2 c3 {aiming for ...Bb5.} 46. Nd4 $2 (46. Rb6 {is the only way for White.} Bc5 47. Rxc6 Rxc6 48. Nxc3) 46... Bb7 {Played: Bc6-b5} 0-1